| 000 | 00707nam a22002770a 4500 | ||
|---|---|---|---|
| 001 | PT18480 | ||
| 003 | AR-LpoUNG | ||
| 005 | 20210131232820.0 | ||
| 008 | 191001s1991||||ag |||||||||||||||||spa d | ||
| 020 |
_a9505562756 _c$6.66 |
||
| 040 |
_aAR-LpoUNG _bspa _cAR-LpoUNG _eaacr |
||
| 041 | _aspa | ||
| 044 | _aag | ||
| 082 | 0 | _aR862 39dic | |
| 100 | 1 | _aSayas de Lima, Perla | |
| 245 | 1 | 0 | _aDiccionario de autores teatrales argentinos 1950-1990 |
| 250 | _a1§ edición | ||
| 260 |
_aBuenos Aires : _bGalerna, _c1991. |
||
| 300 |
_a295 p. : _btbls. |
||
| 650 | 4 | _aARGENTINA | |
| 650 | 4 | _aDICCIONARIOS | |
| 650 | 4 | _aMATERIAL DE REFERENCIA | |
| 650 | 4 | _aTEATRO | |
| 905 | _a18480 | ||
| 942 | _cLSALA | ||
| 999 |
_c17650 _d17650 |
||